000 00435nam a2200157 4500
001 131931
003 ES-MaACL
005 20230906194056.0
007 t|
008 070214s1948 ag r ||||1| spa d
100 1 _aRohde, Jorge Max.
_998977
245 1 0 _aCinco años en Paris
_b: (1935-1939) /
_cJorge Max Rohde.
260 _aBuenos Aires :
_bEmecé,
_c1948.
300 _a382 p. ;
_c21 cm.
852 _aES-MaACL
_jD-5427
_bR.30500
999 _c131931
_d131931